Personnel management (Record no. 81823)

MARC details
000 -LEADER
fixed length control field 00765nam a2200193 a 4500
008 - FIXED-LENGTH DATA ELEMENTS--GENERAL INFORMATION
fixed length control field 120416s1977 ||||||||||||||||| || u
020 ## - INTERNATIONAL STANDARD BOOK NUMBER
International Standard Book Number 0829901302
050 ## - LIBRARY OF CONGRESS CALL NUMBER
Classification number HF 5549 Bur
100 ## - MAIN ENTRY--PERSONAL NAME
Personal name Burack, Elmer H
245 10 - TITLE STATEMENT
Title Personnel management
246 ## -
-- a human resource systems approach
260 ## - PUBLICATION, DISTRIBUTION, ETC.
Place of publication, distribution, etc. New York
Name of publisher, distributor, etc. West Publishing
Date of publication, distribution, etc. 1977
300 ## - PHYSICAL DESCRIPTION
Extent xiv, 524p. : ill
350 ## -
-- 0.00
650 #0 - SUBJECT ADDED ENTRY--TOPICAL TERM
Topical term or geographic name entry element PERSONNEL MANAGEMENT
650 #0 - SUBJECT ADDED ENTRY--TOPICAL TERM
Topical term or geographic name entry element MANAGEMENT
995 ## -
-- MAIN LIBRARY OPEN ACCESS
-- 0.00
-- 729403
-- CBU-MAIN LIBRARY (Kitwe)
-- 2
-- 26.95
-- HF 5549 Bur
-- 2
-- AVAILABLE
-- 021298
-- Main Library Open Access Collection
995 ## -
-- BINDERY (DAMAGED)
-- 0.00
-- 700966
-- CBU-MAIN LIBRARY (Kitwe)
-- 1
-- 26.95
-- HF 5549 Bur
-- 1
-- DAMAGED
-- 006114
-- Main Library Open Access Collection
999 ## -
-- 81823
-- 81823
Holdings
Withdrawn status Lost status Source of classification or shelving scheme Damaged status Not for loan Permanent Location Current Location Shelving location Date acquired Total Checkouts Full call number Barcode Date last seen Copy number Price effective from Koha item type
          CBU-MAIN LIBRARY, KITWE. CBU-MAIN LIBRARY, KITWE.   09/12/2023   HF 5549 Bur 021298 09/12/2023 1 09/12/2023 MONOGRAPH
          CBU-MAIN LIBRARY, KITWE. CBU-MAIN LIBRARY, KITWE.   09/12/2023   HF 5549 Bur 006114 09/12/2023 2 09/12/2023 MONOGRAPH